Costa Barcelona : català / català /
Publicado:
Barcelona :
Generalitat de Catalunya. Departament d'Empresa i Coneixement. Direcció General de Turisme : Diputació Barcelona ,
2018
Descripción Física:
89 pàgines : il·lustracions ; 21 cm
Idioma:
Catalán
MARC
| LEADER | 00000nam a22000007a 4500 | ||
|---|---|---|---|
| 001 | 26160 | ||
| 008 | 220705b spa||||| |||| 00| 0 cat d | ||
| 017 | |a DL B 2345-2018 | ||
| 080 | |a Bib-773 | ||
| 100 | |9 53408 |a Arnat i Puig, Xavier |e autor | ||
| 245 | |a Costa Barcelona : |b català / |c text: Xavier Arnat i Puig | ||
| 260 | |a Barcelona : |b Generalitat de Catalunya. Departament d'Empresa i Coneixement. Direcció General de Turisme : |b Diputació Barcelona, |c 2018 | ||
| 300 | |a 89 pàgines : |b il·lustracions ; |c 21 cm | ||
| 650 | 0 | |a Cultura i lleure |z Barcelona (Província) |9 52671 | |
| 651 | 0 | |9 52676 |a Barcelona (Catalunya : Província) |v Guies | |
| 710 | 2 | |9 51702 |a Costa Barcelona |e Marca turística | |
| 710 | 1 | |a Catalunya. |9 51355 |b Direcció General de Turisme | |
| 710 | 1 | |a Barcelona (Catalunya : Província). |b Diputació |9 52408 | |
| 942 | |2 udc |n 1 |c ARXIU | ||
| 952 | |0 0 |1 0 |4 0 |6 BIB773 |7 1 |9 62654 |a Arxiu |b Arxiu |d 2022-07-05 |l 0 |o Bib-773 |p 26160 |r 2022-07-05 00:00:00 |w 2022-07-05 |y ARXIU | ||
| 999 | |c 82205 |d 82205 | ||